000 00485cam a2200169 4500
001 D10968
008 090401t1984 xxu||||| |||| 00| 0 eng d
035 _a(Sirsi) u97070
041 _aeng
100 _aLamden, B.S.
245 _aDefects in modern commercial buildings
260 _c1984
350 _a0
520 _aIn RICS Building Surveyors` Division. Defeating defects. One-day conference at Park Lane Hotel, 15th March 1984. 1984/5 AB
942 _n0
948 _c04/03/1997
999 _c98770
_d98770